Maine's original 9 counties - Statistics

General Stats
  • This quiz has been taken 5 times
  • The average score is 7 of 9
Answer Stats
Answer % Correct
Cumberland
100%
York
100%
Kennebec
80%
Lincoln
80%
Oxford
80%
Somerset
80%
Hancock
60%
Penobscot
60%
Washington
60%
No matching quizzes found
Score Distribution
Percent of People with Each Score
Percentile by Number Answered
Your Score History
You have not taken this quiz